000 00709nam a22002177a 4500
003 UA-OsUOA
001 99266
007 ta
008 20130426b un ||||| |||| 00| 0 ukr d
090 _a821.161.1
_bС48
942 _cBK
040 _aUA-OsUOA
_brus
_cUA-OsUOA
_dUA-OsUOA
245 _aСлово гнева народного
_bмассовое поэтическое творчество партизан в годы Великой Отечественной войны
300 _a181 с.
955 _a3
041 _arus
080 _a821.161.1
260 _aЛьвов
_bКаменяр
_c1981
650 7 _a82 Література. Літературознавство
_2UDC
999 _c385377
_d385377